Proyecto geométrico de carreteras modernas

Bibliographic Details
Main Author: Hugh Jones, John
Format: Section = Libro
Language:Undetermined
Spanish
Published: México Continental 1963
Subjects:
LEADER 00496nam a2200181Ia 4500
008 240829s9999 xx 000 0 und d
040 |a BIBLIOTECA-RUPAP 625.7 H892 
041 |a spa 
082 |a 625.7 H892 
100 1 |a Hugh Jones, John 
245 1 0 |a Proyecto geométrico de carreteras modernas 
260 |a México  |b Continental  |c 1963 
300 |a 280 p. :il. 
650 7 |a CARRETERAS - CONSTRUCCION 
650 7 |b  INGENIERIA DE TRANSITO. I. Tít. 
942 |c BK  |2 ddc 
991 |a TEXTO 
999 |c 8452